000 00529nam a2200145Ia 4500
008 100204s9999 xx 000 0 und d
082 _b3853
100 _aभोळे भास्कर लक्ष्मण
245 _aदुसरे स्वातंत्र्य
260 _b"अमेय प्रकाशन, नागपूर"
_c1977
300 _a267
630 _aदुसरे स्वातंत्र्य
730 _aदुसरे स्वातंत्र्य
942 _cBOOK
999 _c448731
_d448728